| 000 -ლიდერი |
| ფიქსირებული სიგრძის საკონტროლო ველი |
01819nam a2200277Ia 4500 |
| 001 - საკონტროლო ნომერი |
| საკონტროლო ველი |
14080 |
| 003 - საკონტროლო ნომრის იდენტიფიკატორი |
| საკონტროლო ველი |
GE_BSU |
| 005 - ბოლო ოპერაციის თარიღი და დრო |
| საკონტროლო ველი |
20241118111050.0 |
| 008 - ფიქსირებული სიგრძის მონაცემთა ელემენტები - ზოგადი ინფორმაცია |
| ფიქსირებული სიგრძის საკონტროლო ველი |
181216s2014||||ge |||||||||||||| ||geo|| |
| 020 ## - წიგნის საერთაშორისო სტანდარტული ნომერი |
| International Standard Book Number |
9789941935589 |
| 040 ## - კატალოგიზაციის წყარო |
| Transcribing agency |
GE_BSU |
| 041 ## - ენის კოდი |
| Language code of text/sound track or separate title |
geo |
| 080 ## - უნივერსალური ათობითი კლასიფიკაციის ინდექსი |
| Universal Decimal Classification number |
342.4 გ-59 |
| 100 ## - მთავარი ჩანაწერი - პიროვნების სახელი |
| Personal name |
გოგიაშვილი, გიორგი |
| 9 (RLIN) |
7880 |
| 245 ## - ცნობა სათაურის შესახებ |
| Title |
კონსტიტუციის საიდუმლოებანი = The mysteries of constitution : |
| Remainder of title |
ლექციები შედარებით -კონსტიტუციურ სამართალში / |
| Statement of responsibility, etc |
გიორგი გოგიაშვილი ; სამეცნ. რედ. : ზაურ ჯინჯოლავა ; საქართველოს დავით აღმაშენებლის სახ. უნ-ტი. |
| 264 ## - წარმოების, გამოცემის, დისტრიბუციის და სხვა ცნობები |
| გამოცემის, წარმოების, დისტრიბუციის... ადგილი |
თბილისი : |
| გამოცემის, წარმოების, დისტრიბუციის... სახელწოდება |
იურისტების სამყარო, |
| გამოცემის, წარმოების, დისტრიბუციის... თარიღი |
2014. |
| 300 ## - ფიზიკური აღწერა |
| Extent |
480 გვ. |
| Dimensions |
24 სმ. |
| 500 ## - ზოგადი შენიშვნა |
| General note |
თავფურცელი ქართულ და ინგლისურ ენებზე |
| 500 ## - ზოგადი შენიშვნა |
| General note |
გარეკანზე სათ. : შედარებითი კონსტიტუციური სამართალი
|
| 504 ## - BIBLIOGRAPHY, ETC. NOTE |
| Bibliography, etc |
ბიბლიოგრ. ტექსტის შენიშვნებში |
| 520 ## - SUMMARY, ETC. |
| Summary, etc |
რეზიუმე ინგლისურ ენაზე |
| 653 ## - INDEX TERM--UNCONTROLLED |
| Uncontrolled term |
კონსტიტუციის საიდუმლოებანი =The mysteries of constitution |
| 653 ## - INDEX TERM--UNCONTROLLED |
| Uncontrolled term |
ლექციები შედარებით -კონსტიტუციურ სამართალში |
| 700 ## - ADDED ENTRY--PERSONAL NAME |
| Personal name |
ჯინჯოლავა, ზაურ |
| Relator term |
რედაქტორი |
| 9 (RLIN) |
17060 |
| 942 ## - ADDED ENTRY ELEMENTS (KOHA) |
| Koha item type |
წიგნი |
| Source of classification or shelving scheme |
|